000 01062cab a2200205 4500
001 ##L133950
008 060623n2006 000 0 eng u
035 _a(Sirsi) u133950
041 0 _aeng
100 1 _aKlein, Rudi
245 0 0 _aPost-match analysis
260 _c2006
490 0 _aBuilding
_v271(8435) 16 June 2006, 51(1)
520 _aDiscusses the decision in "Multiplex Constructions (UK) Ltd v Cleveland Bridge UK Ltd and another" ([2006] EWHC 1341 TCC, L133948). Argues that the litigation illustrates that poor practice in procurement, contracts and payments persists in the construction industry. The case also shows the vital necessity for the delivery team to become involved in design from an early stage, so that problems can be identified and managed more effectively.
590 _aIKA040706
650 2 4 _aMULTIPLEX CONSTRUCTIONS (UK) LTD V CLEVELAND BRIDGE UK LTD AND ANOTHER
651 4 _aEngland and Wales
_y1543-
690 _aMANAGEMENT-DISPUTE AVOIDANCE, MANAGEMENT AND RESOLUTION-DISPUTE MANAGEMENT AND RESOLUTION
942 _n0
999 _c77279
_d77279